000 00312nam a2200121 a 4500
005 20140414132053.0
008 110715s19uu xx 00 eng d
050 _aER
_bFi438 1996
100 _aStamper, Judith Bauer
245 _aFive Goofy Ghosts.
260 _aNew York :
_bScholastic,
_c1996.
999 _c114235
_d114235